Pooh's grand adventure: (Record no. 7751)

MARC details
000 -LEADER
fixed length control field 00944nam a22002657a 4500
001 - CONTROL NUMBER
control field 7751
003 - CONTROL NUMBER IDENTIFIER
control field FISKH
005 - DATE AND TIME OF LATEST TRANSACTION
control field 20250805082039.0
008 - FIXED-LENGTH DATA ELEMENTS--GENERAL INFORMATION
fixed length control field 250805b cb ||||| |||| 00| 0 eng d
040 ## - CATALOGING SOURCE
Original cataloging agency FISKH
Language of cataloging eng
Transcribing agency FISKH
Modifying agency FISKH
050 ## - LIBRARY OF CONGRESS CALL NUMBER
Classification number M1527.2 .W25
082 ## - DEWEY DECIMAL CLASSIFICATION NUMBER
Classification number 781.542
100 ## - MAIN ENTRY--PERSONAL NAME
Personal name McCafferty, Catherine
245 ## - TITLE STATEMENT
Title Pooh's grand adventure:
Remainder of title The search for Christopher Robin /
260 ## - PUBLICATION, DISTRIBUTION, ETC.
Place of publication, distribution, etc. New York :
Name of publisher, distributor, etc. Grolier,
Date of publication, distribution, etc. 1997.
300 ## - PHYSICAL DESCRIPTION
Extent 40 pages :
Other physical details color illustrations ;
Dimensions 23 cm
505 ## - FORMATTED CONTENTS NOTE
Formatted contents note K<br/>
520 ## - SUMMARY, ETC.
Summary, etc. Christopher Robin leaves a note for Pooh and friends telling them he has to go to school. In a misunderstanding, they believe he has gone to "skull," and they set off on a grand journey to rescue him.
521 8# - TARGET AUDIENCE NOTE
Target audience note 510<br/>
Source Lexile estimate<br/>
521 8# - TARGET AUDIENCE NOTE
Target audience note K<br/>
Source Raz-Plus<br/>
650 ## - SUBJECT ADDED ENTRY--TOPICAL TERM
Topical term or geographic name entry element Disney's Wonderful World of Reading
Form subdivision Disney
700 ## - ADDED ENTRY--PERSONAL NAME
Personal name John Kurtz
Relator term illustrator
942 ## - ADDED ENTRY ELEMENTS (KOHA)
Source of classification or shelving scheme Dewey Decimal Classification
Koha item type Books
Suppress in OPAC No
Holdings
Withdrawn status Lost status Source of classification or shelving scheme Damaged status Not for loan Collection Home library Current library Shelving location Date acquired Total Checkouts Full call number Barcode Date last seen Copy number Price effective from Koha item type
    Dewey Decimal Classification     Juvenile Fiction Footprints International School Library Network Toul Kork Campus Footprints International School Library Network Toul Kork Campus TK Primary Library Room(4th Floor), Bookcase 3&4, Shelves 17-32, Yellow Books 08/05/2025   MCC 781.542 M1527.2 .W25 FISBK00349 08/05/2025 1 08/05/2025 Books